| 000 | 00553nam a2200181Ia 4500 | ||
|---|---|---|---|
| 008 | 220216s9999 xx 000 0 und d | ||
| 100 | _aJeon Gyung Soo | ||
| 245 | 0 | _ap-Hydroxy-benzoic acid as an adhesion promoter for rubber compounds to a brass-plated steel cord | |
| 260 |
_bJournal of Adhesion Science and Technology _c2001 |
||
| 300 | _a483-498 | ||
| 650 | _aAdhesion interphase | ||
| 650 | _aAdhesion promoter | ||
| 650 | _aAES | ||
| 650 | _ap-Hydroxy-benzoic acid | ||
| 650 | _aRubber-to-brass bonding | ||
| 700 | _aSeo Gon | ||
| 942 | _cJS | ||
| 999 |
_c64928 _d64928 |
||